Loading...
| History - World History | 3 | 3 | 1 | 0 | 70 | 37 | 61.83 | 5 | 6 |
| Other Academic | 1 | 1 | 0 | 0 | 25 | 30 | 69.00 | 1 | 2 |
| Mythology | 0 | 3 | 1 | 0 | 25 | 82 | 100.33 | 3 | 3 |
| Literature - American Literature | 0 | 2 | 0 | 0 | 20 | 108 | 113.50 | 0 | 2 |
| History - American History | 0 | 2 | 0 | 0 | 20 | 89 | 95.50 | 2 | 2 |
| History - Other History | 1 | 1 | 2 | 0 | 15 | 18 | 52.00 | 2 | 2 |
| History - European History | 0 | 2 | 1 | 0 | 15 | 79 | 86.50 | 1 | 2 |
| Literature - World Literature | 1 | 0 | 0 | 0 | 15 | 20 | 20.00 | 1 | 1 |
| Social Science- Edited | 0 | 1 | 0 | 1 | 10 | 115 | 115.00 | 0 | 1 |
| Literature - European Literature | 0 | 1 | 0 | 0 | 10 | 116 | 116.00 | 0 | 1 |
| Science - Physics | 0 | 1 | 0 | 0 | 10 | 127 | 127.00 | 0 | 1 |
| Fine Arts - Auditory Fine Arts | 0 | 1 | 0 | 0 | 10 | 82 | 82.00 | 0 | 1 |
| Religion | 0 | 1 | 0 | 0 | 10 | 79 | 79.00 | 1 | 1 |
| Science - Biology | 0 | 1 | 0 | 0 | 10 | 104 | 104.00 | 1 | 1 |
| Fine Arts - Visual Fine Arts | 0 | 1 | 1 | 1 | 5 | 124 | 124.00 | 1 | 1 |
| Social Science | 0 | 1 | 1 | 0 | 5 | 83 | 83.00 | 1 | 1 |